000 00525nam a2200193Ia 4500
005 20250508154922.0
008 008 250505s9999 xx 000 0 eng d
037 _aTextual
040 _aFEDL
_beng
_cFEDL
041 _aeng
_2eng
084 _a301.153, GUP
_qFEDL
100 _aGupta Ram Chandra Ed.
_9263854
245 0 _aYout in ferment
260 _aDelhi, India
_bSterling Publishers
_c1968
300 _ax,143p.
650 _aSociology
942 _cTEXL
_h301.153, GUP
999 _c1352817
_d1352817